000 00349nam a2200133Ia 4500
005 20260326235458.0
008 260326s9999||||xx |||||||||||||| ||und||
100 _aPatetta, Luciano
245 0 _aHistoria de la Arquitectura :
_b Antología Crítica /
_cLuciano Patetta
260 _bCeleste
300 _a416 p.
650 _aANTIGUEDAD
942 _cBK
999 _c8002
_d8002